000 00389nam a22001457a 4500
005 20140310183627.0
008 131025b xxu||||| |||| 00| 0 eng d
050 _aQK 9
_b.G231 2003
100 _aGang, P.K
245 _aDictionary of botany
_cP.K. Garg.
260 _aNew Delhi :
_bAcademic (India) Publishers,
_c2003.
300 _a465 p. :
_c22 cm.
942 _2lcc
_cBK
999 _c25529
_d25529